000 00643nam a22001817a 4500
005 20251108164053.0
008 250721s1993 xx 000 0 ara d
082 1 4 _a216,9/ماو
100 1 _aالماوردي، أبو الحسن ...
245 1 0 _aالتحفة الملوكية في الآداب السياسية /
264 1 _aالإسكندرية :
_bمؤسسة شباب الجامعة،
_c1993.
300 _a167ص
490 0 _aمن تراث الفكر السياسي الإسلامي ؛ 1
650 1 7 _aالأحكام السلطانية
700 1 _aعبد المنعم، فؤاد
_eتحقيق
942 _2ddc
_cBK
999 _c2870
_d2870